000
00270nam a2200109Ia 4500
001
588578
005
20250717120834.0
008
250717s9999 xx 000 0 und d
245
0
_a
V-3 HAYALET ADASINDA
_c
SİMONE VEENSTRA
260
_b
ERDEM YAYINLARI
_c
2019
300
_b
95
999
_c
588578
_d
588578